Sci-Fi Authors: Title Sort Quiz Stats

 Plays Quiz Updated Jul 1, 2015

Challenge
Share
Tweet
Embed
Score 0/35 Timer 08:00
4 Plays Today
% Correct
Around the World in Eighty Days
91.2%
Twenty Thousand Leagues Under the Sea
88.9%
Journey to the Center of the Earth
84.8%
The Time Machine
83.6%
The Hitchhiker's Guide to the Galaxy
82.4%
The War of the Worlds
82.1%
Fahrenheit 451
81.4%
I, Robot
77.7%
The Restaurant at the End of the Universe
76.8%
2001: A Space Odyssey
75.1%
So Long, and Thanks for All the Fish
74.9%
Life, the Universe and Everything
72.6%
The Invisible Man
63.3%
The Island of Dr. Moreau
60.4%
Foundation
60.1%
The Martian Chronicles
57.8%
The Long Dark Tea-Time of the Soul
57.1%
From the Earth to the Moon
54.3%
% Correct
Stranger in a Strange Land
53.9%
Starship Troopers
53.6%
Something Wicked This Way Comes
47.9%
The Mysterious Island
44.7%
The Illustrated Man
44.4%
Childhood's End
42.9%
Dandelion Wine
42.3%
The Moon Is a Harsh Mistress
41.5%
The Positronic Man
40.3%
Rendezvous with Rama
39.9%
The Cat Who Walks Through Walls
37.8%
The First Men in the Moon
36.1%
The Fountains of Paradise
32.6%
The Puppet Masters
31.1%
The Songs Of Distant Earth
30.2%
The End of Eternity
28.4%
Pebble in the Sky
24.6%

You're not logged in!

Compare scores with friends on all Sporcle quizzes.
Join for Free
OR
Log In

You Might Also Like...

Show Comments

Extras

Top Quizzes Today


Score Distribution

Your Account Isn't Verified!

In order to create a playlist on Sporcle, you need to verify the email address you used during registration. Go to your Sporcle Settings to finish the process.

Report this User

Report this user for behavior that violates our Community Guidelines.

Details: